000 00913cam a22002054a 4500
005 20250605164115.0
008 250528s ||||||||||||||||||||||||d
035 _a18075
020 _a135149355
040 _aGR-AtMCL
_bgre
_dGR-AtMCL
_eAACR2
245 1 _aKeypunching / Third Edition
250 _a3rd
260 _bPrentice Hall,
_c1977
300 _a210
520 _aThis book places special emphasis on the detailed examination of specific skills needed to become a proficient operator, such as job analysis and program preparation, procedures and techniques for simplifying the job, and step-by-step instruction for accomplishing a job from beginning to end. Basics, Introduction, Preliminary Instructions, Car Punching Εquipment, The Program Card, Card Verifying Equipment, Multiple-Level Punching, Index.
700 1 _aHanson Peggy
_94360
942 _cBK
999 _c3462
_d3462